01255nam a2200253Ia 4500952010300000999001700103008004100120020002000161020001800181050002200199110005700221245008400278250001800362260003800380300004200418500017200460505017200632519008500804650002400889650002800913650001400941650003900955942000700994 00102lcc4070a11b11d2015-04-14l0oTK5105 C457 2007p11 001203r2015-04-14t1w2015-04-14yLB c68202d68202120626s2007 mx a 000 0 spa d a|10:9701063759  a13:9701063750 aTK5105bC457 2007 aCentro de computación profesional de México CCPM aMultimedia en Internet c/ Centro de Computación Profesional de México CCPM a5a. edición aMéxico b: McGraw- Hillc, 2007 aXXX, 462 páginas b: ilustraciones  aIncluye: Prólogo (pp. ix - x), Introducción (pp. xi - xvi), Anexo A (pp. 286 - 290), Anexo B (pp. 292 - 371), Prácticas (pp. 373 - 427), Glosario (pp. 429 - 433) aMultimedia y sus elementos Software multimedia Introducción a flash 8 Dibujo, objetos e imágenes Textos Capas Animación y movimiento Símbolos  aPlan flexible / bDiseño gráfico / cDibujo digital (B16-3) /d (11 001203)  aTELECOMUNICACIÓN  aMULTIMEDIA INTERACTIVA  aINTERNET  aSISTEMAS DE TRANSMISIÓN DE DATOS cLB